| 000 | 00642nam a2200169 i 4500 | ||
|---|---|---|---|
| 001 | 25485 | ||
| 003 | ES-MaACL | ||
| 005 | 20230906153258.0 | ||
| 007 | t| | ||
| 008 | 021226s1889 sp ||||1| spa d | ||
| 100 | 1 |
_aArce y Rodríguez, Angel. _922468 |
|
| 245 | 1 | 0 |
_aFormulario de testamentos ológrafos, abierto y cerrado... : _bcon arreglo al Código civil reformado por la Ley de 26 de mayo de 1889 / _cÁngel Arce y Rodríguez. |
| 260 |
_aMadrid : _bRafael Gutiérrez Jiménez, _c1889 ( _fImp. de Enrique Rubiños) |
||
| 300 |
_a240 p. ; _c18 x 12 cm. |
||
| 650 | 4 |
_aTestamentos ológrafos- _zEspaña. _9157283 |
|
| 852 |
_aES-MaACL _jD-2455 |
||
| 999 |
_c25485 _d25485 |
||